Ordinary Differential equations (Record no. 52768)

MARC details
000 -LEADER
fixed length control field 00699nam a2200193 a 4500
008 - FIXED-LENGTH DATA ELEMENTS--GENERAL INFORMATION
fixed length control field 120416s1971 ||||||||||||||||| || u
020 ## - INTERNATIONAL STANDARD BOOK NUMBER
International Standard Book Number 0045170037
050 ## - LIBRARY OF CONGRESS CALL NUMBER
Classification number QA 372 Hea
100 ## - MAIN ENTRY--PERSONAL NAME
Personal name Heading, John
245 10 - TITLE STATEMENT
Title Ordinary Differential equations
Statement of responsibility, etc. edited by L. Marder
260 ## - PUBLICATION, DISTRIBUTION, ETC.
Place of publication, distribution, etc. London:
Name of publisher, distributor, etc. Allen and Unwin
Date of publication, distribution, etc. 1971
300 ## - PHYSICAL DESCRIPTION
Extent iv, 92 p. ill.
350 ## - PRICE (NR) (BK AM CF MU VM SE) [OBSOLETE]
Price 0.00
490 ## - SERIES STATEMENT
Series statement Problem solvers
650 #0 - SUBJECT ADDED ENTRY--TOPICAL TERM
Topical term or geographic name entry element MATHEMATICS--HANDBOOKS, MANUALS, ETC
650 ## - SUBJECT ADDED ENTRY--TOPICAL TERM
Topical term or geographic name entry element DIFFERENTIAL EQUATIONS--PROBLEMS, EXERCISES, ETC.
700 ## - ADDED ENTRY--PERSONAL NAME
Personal name Marder, L
995 ## - RECOMMENDATION 995 [LOCAL, UNIMARC FRANCE]
-- 0.00
-- CBU-MAIN LIBRARY (Kitwe)
-- 1
-- 3.50
-- 1
-- AVAILABLE
-- Main Library Open Access Collection
Holdings
Withdrawn status Lost status Source of classification or shelving scheme Damaged status Not for loan Home library Current library Shelving location Date acquired Total Checkouts Full call number Barcode Date last seen Price effective from Koha item type
          CBU-MAIN LIBRARY, KITWE. CBU-MAIN LIBRARY, KITWE.   11/30/2022   QA 372 Hea 011968 11/30/2022 11/30/2022 MONOGRAPH